El sistema empresa: un enfoque integral de la administración

محفوظ في:
التفاصيل البيبلوغرافية
المؤلف الرئيسي: Illanes Frontaura, Pablo (مؤلف)
التنسيق: كتاب
اللغة:الإسبانية
منشور في: Santiago Manepa 1996
الطبعة:5a. ed
الموضوعات:
الوسوم: إضافة وسم
لا توجد وسوم, كن أول من يضع وسما على هذه التسجيلة!

MARC

LEADER 00000nam a2200000 a 4500
001 UCT0945
003 CL-VaPUC
008 960913e19960000CL |||||||||||||||||spa|d
082 0 4 |a 658.4  |b ILL  |2 21 
100 |a Illanes Frontaura, Pablo  |e author  |9 534014 
245 1 3 |a El sistema empresa: un enfoque integral de la administración 
250 |a 5a. ed 
300 |a 343 p 
942 |c BK 
945 |d 19960913 00:00:00  |a rleighto 
260 |a Santiago  |b Manepa  |c 1996 
650 0 |a Administración de empresas   |9 260833 
650 0 |a Recursos humanos   |9 228420 
650 7 |a RECURSOS ECONOMICOS  |2 CL-VaPUC  |9 314744 
650 0 |a Producción   |9 263680 
650 7 |a PLANIFICACION  |2 CL-VaPUC  |9 260802 
650 0 |a Organización  |9 256369 
650 7 |a DIRECCION  |2 CL-VaPUC  |9 358279 
650 0 |a Control  |9 330602 
650 7 |a COMERCIALIZACION DE PRODUCTOS  |2 CL-VaPUC  |9 329237 
650 0 |a Finanzas  |9 260832 
583 |a last modification  |c 19960913 00:00:00  |k Rodrigo Vera 
999 |c 251628  |d 251626 
952 |0 0  |1 0  |4 0  |6 658_400000000000000_ILL_1996  |7 0  |8 R  |9 270917  |a BIBENE  |b BIBENE  |d 2019-11-19  |i 3229653  |o 658.4 ILL 1996  |p 3229653  |r 2025-01-15  |w 2019-11-19  |y BK_R  |k ICO 
952 |0 0  |1 0  |4 0  |6 658_400000000000000_ILL_1996  |7 0  |8 R  |9 270918  |a BIBGIM  |b BIBGIM  |d 2019-11-19  |i 3338940  |l 1  |o 658.4 ILL 1996  |p 3338940  |r 2025-01-15  |s 2023-06-05  |w 2019-11-19  |y BK_R  |k COM